[Event "CCM10 - GRENKE Rapid WCh"]
[Site "Mainz"]
[Date "2010.08.08"]
[Round "11"]
[White "Movsesian, S."]
[Black "Schneider, Il"]
[Result "1-0"]
[WhiteElo "2723"]
[BlackElo "2515"]
[PlyCount "55"]
[EventDate "2010.08.07"]
[EventCountry "GER"]

1. e4 Nc6 2. Nf3 f5 3. e5 d6 4. Bb5 Bd7 5. Qe2 dxe5 6. Nxe5 Nxe5 7. Qxe5 Nh6 8.
d4 Nf7 9. Qe2 g6 10. Bc4 Bg7 11. c3 Bc6 12. O-O O-O 13. Bf4 Kh8 14. Nd2 e5 15.
dxe5 g5 16. e6 Qe7 17. Bxc7 Qxc7 18. exf7 f4 19. Rfe1 Rad8 20. Rad1 f3 21. Nxf3
Bxf3 22. gxf3 a6 23. Qe4 Bf6 24. Rxd8 Qxd8 25. Qxb7 Kg7 26. Qe4 Kh8 27. Kg2 a5
28. Qc6 1-0